000 00497nam a22001817a 4500
003 OSt
005 20210302105848.0
008 2020b ||||| |||| 00| 0 spa d
020 _a978994519154
040 _aDO-SdBNP
_bspa
_cBNPHU
082 _axxx
_bG216s
100 1 0 _aGarcìa, Joheves
_977981
245 1 0 _aSus chat, princesa koco /
_cJoheves Garcìa
260 _aSanto Domingo :
_bLoqueleo,
_c2020
300 _a133 p. :
_bil ;
_c22 cm
910 _aInventariado, 2021 / DG
942 _2ddc
_cLBS1
999 _c49479
_d49479